Catálogo

La conciencia lingüística de la filosofía : (Registro nro. 24811)

Detalles MARC
000 -LEADER
fixed length control field 01173cam a2200325 i 4500
001 - CONTROL NUMBER
control field 24811
003 - CONTROL NUMBER IDENTIFIER
control field Mx-PuUPA
005 - DATE AND TIME OF LATEST TRANSACTION
control field 20250513125044.0
008 - FIXED-LENGTH DATA ELEMENTS--GENERAL INFORMATION
fixed length control field 140415s1997 sp gr 001 0 spa d
017 ## - COPYRIGHT OR LEGAL DEPOSIT NUMBER
Copyright or legal deposit number VA-104/97
020 ## - INTERNATIONAL STANDARD BOOK NUMBER
International Standard Book Number 8481641375
040 ## - CATALOGING SOURCE
Original cataloging agency Mx-PuUPA
Language of cataloging spa
Transcribing agency Mx-PuUPA
Modifying agency Mx-PuUPA
Description conventions rda
041 0# - LANGUAGE CODE
Language code of text/sound track or separate title spa
100 1# - MAIN ENTRY--PERSONAL NAME
Personal name Nieto, Carlos,
Dates associated with a name 1947-
Relator term autor
9 (RLIN) 16937
245 13 - TITLE STATEMENT
Title La conciencia lingüística de la filosofía :
Remainder of title ensayo de una crítica de la razón lingüística /
Statement of responsibility, etc. Carlos Nieto Blanco
264 #1 - PRODUCTION, PUBLICATION, DISTRIBUTION, MANUFACTURE, AND COPYRIGHT NOTICE
Place of production, publication, distribution, manufacture Madrid, España :
Name of producer, publisher, distributor, manufacturer Editorial Trotta ; Fundación Marcelino Botín,
Date of production, publication, distribution, manufacture, or copyright notice ©1997
300 ## - PHYSICAL DESCRIPTION
Extent 359 páginas ;
Dimensions 23 cm
336 ## - CONTENT TYPE
Fuente rdacontent
Content type term texto
Content type code txt
337 ## - MEDIA TYPE
Source rdamedia
Media type term sin medio
Media type code n
338 ## - CARRIER TYPE
Source rdacarrier
Carrier type term volumen
Carrier type code nc
490 0# - SERIES STATEMENT
Series statement Colección Estructuras y Procesos
490 0# - SERIES STATEMENT
Series statement Serie Filosofía
650 #7 - SUBJECT ADDED ENTRY--TOPICAL TERM
Source of heading or term armarc
Topical term or geographic name entry element Filosofía del lenguaje ordinario
General subdivision
650 #7 - SUBJECT ADDED ENTRY--TOPICAL TERM
Source of heading or term armarc
Topical term or geographic name entry element Lenguaje y lenguas
General subdivision Filosofía
650 #7 - SUBJECT ADDED ENTRY--TOPICAL TERM
Source of heading or term armarc
Topical term or geographic name entry element Análisis (Filosofía)
942 ## - ADDED ENTRY ELEMENTS (KOHA)
Source of classification or shelving scheme Dewey Decimal Classification
Koha item type Libro
Classification part 401
Item part N66
Existencias
Withdrawn status Lost status Source of classification or shelving scheme Damaged status Not for loan Collection code Home library Current library Shelving location Date acquired Source of acquisition Cost, normal purchase price Total Checkouts Full call number Barcode Date last seen Cost, replacement price Price effective from Koha item type
    Dewey Decimal Classification     General Biblioteca Karol Wojtyla Biblioteca Karol Wojtyla Sala general 29/11/2024 Donación 0.00   401 N66 1977 46321 05/01/2026 0.00 03/12/2013 Libro